| 000 | 01228nam a2200217Ia 4500 | ||
|---|---|---|---|
| 003 | Ost | ||
| 005 | 20260507075511.0 | ||
| 008 | 260507s9999||||xx |||||||||||||| ||und|| | ||
| 020 | _a9789957499549 | ||
| 040 | _cfsecg | ||
| 041 | _aara | ||
| 082 | _a350.75 | ||
| 100 |
_aعاطف، زاهر عبد الرحيم _eمؤلف |
||
| 245 | 0 |
_aالرقابة على الأعمال الإدارية / _c زاهر عبد الرحيم عاطف |
|
| 260 |
_aعمان: _bدار الراية, _c2009 |
||
| 300 |
_a213 صفحة؛ _bإيضاحات ؛ _c25 سم |
||
| 504 | _aببليوغرافيا:ص ص.211-213 | ||
| 520 | _aماهية الإدارة،الرقابة الإدارية،أدوات الرقابة الإدارية،الرقابة على الأعمال الادارية،الرقابة المالية العامة،الرقابة والمتابعة والتقييم،الرقابة الداخلية على المحاسبة،الفساد وكيفية الرقابة عليه،المسؤولية الاجتماعية في الأعمال الادارية،أجهزة الرقابة الداخلية وديوان الخدمة المدنية في الأردن | ||
| 653 | _aالرقابة الإدارية | ||
| 942 | _cكتاب | ||
| 999 |
_c44737 _d44737 |
||